Hanyut (Record no. 157803)

MARC details
000 -LEADER
fixed length control field 00699nam a2200265 i 4500
001 - CONTROL NUMBER
control field C2-0208573
003 - CONTROL NUMBER IDENTIFIER
control field PPAK
005 - DATE AND TIME OF LATEST TRANSACTION
control field 20180728101739.0
008 - FIXED-LENGTH DATA ELEMENTS--GENERAL INFORMATION
fixed length control field 990310s1998 my |||| ||||| | may d
020 ## - INTERNATIONAL STANDARD BOOK NUMBER
International Standard Book Number 9679064638
040 ## - CATALOGING SOURCE
Original cataloging agency PPAK
Language of cataloging eng
Transcribing agency PPAK
Description conventions rda
082 04 - DEWEY DECIMAL CLASSIFICATION NUMBER
Classification number 899.233
Edition number 23
090 00 - LOCALLY ASSIGNED LC-TYPE CALL NUMBER (OCLC); LOCAL CALL NUMBER (RLIN)
Classification number (OCLC) (R) ; Classification number, CALL (RLIN) (NR) 899.233
Feature heading AMA
Feature heading G
100 0# - MAIN ENTRY--PERSONAL NAME
Personal name Amaludin Manaf,
Relator term author
245 10 - TITLE STATEMENT
Title Hanyut
264 #1 - PRODUCTION, PUBLICATION, DISTRIBUTION, MANUFACTURE, AND COPYRIGHT NOTICE
Place of production, publication, distribution, manufacture Bandar Baru Selayang, Selangor :
Name of producer, publisher, distributor, manufacturer Edusystem ,
Date of production, publication, distribution, manufacture, or copyright notice 1998
300 ## - PHYSICAL DESCRIPTION
Extent 164 pages ;
Dimensions 18 cm
336 ## - CONTENT TYPE
Source rdacontent
Content type term text
337 ## - MEDIA TYPE
Source rdamedia
Media type term unmediated
338 ## - CARRIER TYPE
Source rdacarrier
Carrier type term volume
490 1# - SERIES STATEMENT
Series statement Siri kadet remaja
650 10 - SUBJECT ADDED ENTRY--TOPICAL TERM
Topical term or geographic name entry element Malay fiction
830 #0 - SERIES ADDED ENTRY--UNIFORM TITLE
Uniform title Siri kadet remaja
942 ## - ADDED ENTRY ELEMENTS (KOHA)
-- dc
Koha item type Book
Holdings
Withdrawn Not for loan Current library Shelving location Date acquired Full call number Barcode Date last seen Koha item type Total Checkouts
    Perpustakaan Baling Pinjaman Dewasa 16/11/2000 899.233 AMA A00947457 01/06/2018 Book  
    Perpustakaan Baling Pinjaman Dewasa 16/11/2000 899.233 AMA A00947458 01/06/2018 Book  
    Perpustakaan Bandar Baharu Pinjaman Dewasa 22/06/2000 899.233 AMA A00890073 01/06/2018 Book  
    Perpustakaan Sik Pinjaman Dewasa 03/10/1999 899.233 AMA A00271057 01/06/2018 Book  
    Perpustakaan Sik Pinjaman Dewasa 03/10/1999 899.233 AMA A00271058 01/06/2018 Book  
    Perpustakaan Sik Pinjaman Dewasa 22/06/2000 899.233 AMA A00898080 01/06/2018 Book  
    Bergerak 1, Alor Setar Pinjaman Dewasa 17/10/1999 899.233 AMA A00294511 01/06/2018 Book  
    Bergerak 5, Kulim Pinjaman Dewasa 05/03/2001 899.233 AMA A00962217 01/06/2018 Book  
    PD15, Kg. Naga, Kepala Batas Pinjaman Dewasa 05/03/2001 899.233 AMA A00962218 01/06/2018 Book  
    PD18, Kg. Wang Tepus, Jitra Pinjaman Dewasa 17/10/1999 899.233 AMA A00294507 01/06/2018 Book  
    PD19, KEDA Bendang Perang, Kota Setar Pinjaman Dewasa 20/12/2000 899.233 AMA A00956206 01/06/2018 Book  
    PD19, KEDA Bendang Perang, Kota Setar Pinjaman Dewasa 20/12/2000 899.233 AMA A00956205 01/06/2018 Book  
    PD20, Felda Lubuk Merbau, Pendang Pinjaman Dewasa 17/10/1999 899.233 AMA A00294509 01/06/2018 Book  
    PD20, Felda Lubuk Merbau, Pendang Pinjaman Dewasa 17/10/1999 899.233 AMA A00294510 01/06/2018 Book  
    PD23, Taman Mas Merah, Titi Gajah, Alor Setar Pinjaman Dewasa 22/06/2000 899.233 AMA A00894101 01/06/2018 Book  
    PD23, Taman Mas Merah, Titi Gajah, Alor Setar Pinjaman Dewasa 22/06/2000 899.233 AMA A00894102 01/06/2018 Book  
    PD25, KEDA Batu 13, Pokok Sena Pinjaman Dewasa 22/06/2000 899.233 AMA A00885776 01/06/2018 Book  
    PD25, KEDA Batu 13, Pokok Sena Pinjaman Dewasa 22/06/2000 899.233 AMA A00885777 01/06/2018 Book  
    PD27, Kg. Bendang Bukit, Pendang Pinjaman Dewasa 22/06/2000 899.233 AMA A00925560 01/06/2018 Book  
    PD27, Kg. Bendang Bukit, Pendang Pinjaman Dewasa 22/06/2000 899.233 AMA A00925561 01/06/2018 Book  
    PD28, Kg. Paya Kerchut, Pendang Pinjaman Dewasa 22/06/2000 899.233 AMA A00925562 01/06/2018 Book  
    PD28, Kg. Paya Kerchut, Pendang Pinjaman Dewasa 22/06/2000 899.233 AMA A00925563 01/06/2018 Book  
    T-PD26, Kg. Lubuk Batu, Jitra Pinjaman Dewasa 17/10/1999 899.233 AMA A00294505 01/06/2018 Book  
    T-PD26, Kg. Lubuk Batu, Jitra Pinjaman Dewasa 17/10/1999 899.233 AMA A00294506 01/06/2018 Book